Statistics for Similar Fall Guys and Stumble Guys Maps

Click here to take the quiz!

General Stats

  • This quiz has been taken 11 times
  • The average score is 7 of 14

Answer Stats

Fall Guys MapStumble Guys Map% Correct
Block PartyBlock Dash
100%
Hex-A-GoneHoney Drop
70%
Freezy PeakIcy Heights
60%
Blast BallBombardment
50%
Fall MountainCannon Climb
50%
See SawFloor Flip
50%
Speed SliderSuper Slide
50%
Roll OnJungle Roll
40%
Dizzy Heights /
Hit Parade
Spin Go Round
40%
Fall BallStumble Soccer
40%
Stompin' GroundBot Bash
30%
Tip ToeTile Fall
30%
Hit ParadePivot Push
20%
Bean Hill ZoneTreasure Island
20%

Score Distribution

Percentile by Number Answered

Percent of People with Each Score

Your Score History

You have not taken this quiz